| 000 | 00558nam a2200229Ia 4500 | ||
|---|---|---|---|
| 003 | OSt | ||
| 005 | 20221005050440.0 | ||
| 006 | a|||||r|||| 00| 0 | ||
| 007 | ta | ||
| 008 | 221004b |||||||| |||| 00| 0 pan d | ||
| 024 | _a8110 | ||
| 037 | _cTextual | ||
| 040 |
_aCRL _cCRL _bpan |
||
| 041 |
_2pan _apan |
||
| 082 | _aO153,1K80x, 168L6 | ||
| 245 | 0 | _aKalam e Bulhe Shah | |
| 260 |
_aLahore _c1976 |
||
| 300 |
_a142p. _ccm. |
||
| 650 | _aURDU LITERATURE | ||
| 942 |
_hO153,1K80x, 168L6 _cTEXL _2cc |
||
| 999 |
_c957053 _d957053 |
||